Historia gospodarcza ciała
| Titel: | Historia gospodarcza ciała : studia z dziejów biologicznego standardu życia na ziemiach polskich / Michał Kopczyński |
|---|---|
| Verfasser: | |
| Veröffentlicht: | Warszawa : Oficyna Wydawnicza "Mówią Wieki", 2018 |
| Umfang: | 214 Seiten : Diagramme, Karten ; 25 cm |
| Format: | Buch |
| Sprache: | Polnisch |
| ISBN: | 9788386156207 ; 8386156201 |
| Hinweise zum Inhalt: |
Inhaltsverzeichnis
|
alg: 44687052 001A $03004:26-03-19 001B $01999:23-05-19 $t11:45:10.000 001D $03004:14-05-19 001U $0utf8 001X $00 002@ $0Aau 002C $aText $btxt $2rdacontent 002D $aohne Hilfsmittel zu benutzen $bn $2rdamedia 002E $aBand $bnc $2rdacarrier 003@ $0446870528 004A $A978-83-86156-20-7 004A $083-86156-20-1 006C $01077351067 $aOCoLC 007A $0446870528 $aHEB 007G $0DE0202F8872B0D8153137C125840200456333 009P $qapplication/pdf $A2 $3Inhaltsverzeichnis $uhttp://scans.hebis.de/HEBCGI/show.pl?44687052_toc.pdf $mV:DE-603;B:DE-Mb50 010@ $apol 010E $erda 011@ $a2018 $n2018 021A $aHistoria gospodarcza ciała $dstudia z dziejów biologicznego standardu życia na ziemiach polskich $hMichał Kopczyński 028A $BVerfasser $4aut $7133546012 $8Kopczyński, Michał$Z1964- [Tp3] $9191494011 033A $pWarszawa $nOficyna Wydawnicza "Mówią Wieki" 034D $a214 Seiten 034I $a25 cm 034M $aDiagramme, Karten 037A $aLiteraturverzeichnis Seite 195-214 044K $RKongresspolen $RWestgalizien $#Generalgouvernement Polen $#Polska $#Rzeczpospolita Polska $#Polska Rzeczpospolita Ludowa $#Poland $#Pologne $#République Polonaise $#Generalne Gubernatorstwo w Polsce $#Polish People's Republic $#Polska Rzeczpospolita Polen $#PRL $#RP $#Polen Generalgouvernement $#Polska Generalgouvernement $#Besetzte Polnische Gebiete $#Besetztes Gebiet in Polen $#Okupowane Polskie Obszary $#Obszary Okupowane w Polsce $#Volksrepublik Polen $#Polska Rosyjska $#Republic Polen $#Respublika Pol'ša $#Pol'skaja Narodnaja Respublika $#République de Pologne $#Polen Links der Weichsel $#Polska po Lewej Stronie Wisły $#Lenkija $#Polija $#Gubernija Carstva Pol'skago $#Republik Polen $74046496-9 $8Polen [Tg1] $9085129801 044K $RLebenshaltung $RWohlfahrt $#Cost and standard of living $#Coût et niveau de la vie $#living standards $#Lebensstandard $#Lebensstandard $#Lebensführung Lebensstandard $#Lebensniveau $74134319-0 $8Lebensstandard [Ts1] $9085491128 045F $a300.9438 $eDDC23BSB 045F/01 $a300 045F/03 $g438 lok: 44687052 24 exp: 44687052 24 1 #EPN 201B/01 $014-05-19 $t09:03:45.000 201C/01 $026-03-19 201U/01 $0utf8 203@/01 $01048685985 208@/01 $a14-05-19 $bz 209A/01 $a19.02817 $du $f050 $h19 02817 $x00 209C/01 $a19.02817 K $h19 02817 K 209G/01 $a74004458 $x00 220C/01 $aho-sz 247C/01 $8358050-7Marburg, Bibliothek des Herder-Instituts Marburg $9102600961 lok: 44687052 78 exp: 44687052 78 1 #EPN 201B/01 $021-08-20 $t08:55:11.000 201C/01 $021-08-20 201U/01 $0utf8 203@/01 $01118306007 208@/01 $a21-08-20 $be 209A/01 $a/ $f000 $x00 209A/01 $ab*p $x01 220C/01 $apgar 244Z/01 $#Generalgouvernement Polen $#Polska $#Rzeczpospolita Polska $#Polska Rzeczpospolita Ludowa $#Poland $#Pologne $#République Polonaise $#Generalne Gubernatorstwo w Polsce $#Polish People's Republic $#Polska Rzeczpospolita Polen $#PRL $#RP $#Polen Generalgouvernement $#Polska Generalgouvernement $#Besetzte Polnische Gebiete $#Besetztes Gebiet in Polen $#Okupowane Polskie Obszary $#Obszary Okupowane w Polsce $#Volksrepublik Polen $#Polska Rosyjska $#Republic Polen $#Respublika Pol'ša $#Pol'skaja Narodnaja Respublika $#République de Pologne $#Polen Links der Weichsel $#Polska po Lewej Stronie Wisły $#Lenkija $#Polija $#Gubernija Carstva Pol'skago $#Republik Polen $74046496-9 $8--Tg1--Polen $x01 $9085129801 247C/01 $82080>Marburg/Lahn, Herder-Institut, Forschungsbibliothek, Bibliographieportal $9336309341
| LEADER | 00000cam a2200000 c 4500 | ||
|---|---|---|---|
| 001 | 446870528 | ||
| 003 | DE-603 | ||
| 005 | 20190523114510.0 | ||
| 007 | tu | ||
| 008 | 190326s2018 xx |||| | u00||u|pol c | ||
| 020 | |a 9788386156207 | ||
| 020 | |a 8386156201 | ||
| 035 | |a (DE-599)HEB446870528 | ||
| 040 | |a DE-603 |b ger |c DE-603 |d DE-603 |e rda | ||
| 041 | |a pol | ||
| 082 | 0 | 4 | |8 1\u |a 300.9438 |q DE-101 |2 23/BSB |
| 085 | |8 1\u |b 300 | ||
| 085 | |8 1\u |z 2 |s 438 | ||
| 100 | 1 | |a Kopczyński, Michał |d 1964- |e Verfasser |4 aut |0 (DE-603)191494011 |0 (DE-588)133546012 |2 gnd | |
| 245 | 0 | 0 | |a Historia gospodarcza ciała |b studia z dziejów biologicznego standardu życia na ziemiach polskich |c Michał Kopczyński |
| 264 | 1 | |a Warszawa |b Oficyna Wydawnicza "Mówią Wieki" |c 2018 | |
| 300 | |a 214 Seiten |b Diagramme, Karten |c 25 cm | ||
| 336 | |a Text |b txt |2 rdacontent | ||
| 337 | |a ohne Hilfsmittel zu benutzen |b n |2 rdamedia | ||
| 338 | |a Band |b nc |2 rdacarrier | ||
| 500 | |a Literaturverzeichnis Seite 195-214 | ||
| 650 | 7 | |a Lebensstandard |0 (DE-588)4134319-0 |0 (DE-603)085491128 |2 gnd | |
| 651 | 7 | |a Polen |0 (DE-588)4046496-9 |0 (DE-603)085129801 |2 gnd | |
| 856 | 4 | 2 | |m V:DE-603;B:DE-Mb50 |q application/pdf |u http://scans.hebis.de/HEBCGI/show.pl?44687052_toc.pdf |3 Inhaltsverzeichnis |
| 924 | 0 | |9 Mb 50 |a (DE-603)1048685985 |b DE-Mb50 |c HES |d c |g 19.02817 | |
| 924 | 0 | |9 2080 |a (DE-603)1118306007 |b DE-2080 |c HES |d d |g / | |


